KOHA-Header-6

Thinking in C++ (Record no. 7698)

000 -LEADER
fixed length control field 00245nam a2200109Ia 4500
100 ## - MAIN ENTRY--AUTHOR NAME
Personal name Ecked,Druce
245 #0 - TITLE STATEMENT
Title Thinking in C++
260 ## - PUBLICATION, DISTRIBUTION, ETC. (IMPRINT)
Place of publication India
Name of publisher Education
Year of publication 2000
300 ## - PHYSICAL DESCRIPTION
Number of Pages 814
942 ## - ADDED ENTRY ELEMENTS (KOHA)
Koha item type Books
Holdings
Withdrawn status Lost status Collection code Permanent Location Current Location Shelving location Date acquired Full call number Accession Number Koha item type
    Computer Science MAJU MAJU Shelf No.B19 2019-09-12 005.23 1722 Computer Science

Powered by Koha